Óptica tradicional y moderna / (Record no. 42657)
[ view plain ]
| 000 -CABECERA | |
|---|---|
| campo de control de longitud fija | 00848nam a2200253 a 4500 |
| 005 - FECHA Y HORA DE LA ÚLTIMA TRANSACCIÓN | |
| campo de control | 20220526112023.0 |
| 008 - ELEMENTOS DE LONGITUD FIJA--INFORMACIÓN GENERAL | |
| campo de control de longitud fija | 991125s1989 mx 000 0 spa u |
| 020 ## - NÚMERO INTERNACIONAL NORMALIZADO PARA LIBROS | |
| Número Internacional Estándar del Libro | 9681632400 |
| 035 ## - NÚMERO DE CONTROL DEL SISTEMA | |
| Número de control de sistema | UPN01000042657 |
| 040 ## - FUENTE DE LA CATALOGACIÓN | |
| Centro catalogador/agencia de origen | MX-MxUPN |
| Lengua de catalogación | spa |
| Centro/agencia transcriptor | MX-MxUPN |
| 050 #4 - SIGNATURA TOPOGRÁFICA DE LA BIBLIOTECA DEL CONGRESO | |
| Número de clasificación | Q111 |
| Número de documento/Ítem | C5 no. 85 |
| 100 1# - ASIENTO PRINCIPAL--NOMBRE PERSONAL | |
| Nombre de persona | Malacara H., Daniel |
| Término indicativo de función/relación | autor |
| 245 10 - MENCIÓN DE TÍTULO | |
| Título | Óptica tradicional y moderna / |
| Mención de responsabilidad, etc. | Daniel Malacara. |
| 250 ## - MENCIÓN DE EDICIÓN | |
| Mención de edición | Primera edición |
| 260 ## - PUBLICACIÓN, DISTRIBUCIÓN, ETC. | |
| Lugar de publicación, distribución, etc. | México : |
| Nombre del editor, distribuidor, etc. | Secretaría de Educación Pública : |
| -- | Fondo de Cultura Económica : |
| -- | Consejo Nacional de Ciencia y Tecnología, |
| Fecha de publicación, distribución, etc. | 1989. |
| 300 ## - DESCRIPCIÓN FÍSICA | |
| Extensión | 126 páginas : |
| Otras características físicas | ilustraciones |
| 490 ## - MENCIÓN DE SERIE | |
| Mención de serie | La Ciencia desde México ; |
| Designación de volumen o secuencia | 84 |
| 650 #2 - ASIENTO SECUNDARIO DE MATERIA - TERMINO TEMATICO | |
| Término de materia o nombre geográfico como elemento de entrada | Óptica |
| 9 (RLIN) | 19176 |
| 902 ## - ELEMENTOS DE DATOS B LOCAL, LDB (RLIN) | |
| Creó | TEODORO GONZALEZ GARCIA |
| 902 ## - ELEMENTOS DE DATOS B LOCAL, LDB (RLIN) | |
| Creó | DMCV DORA MARIA CORTES VILLEGAS |
| 904 ## - ELEMENTOS DE DATOS D LOCAL, LDD (RLIN) | |
| a | AC |
| b | 042659 |
| 905 ## - TIPO DE MATERIAL | |
| Tipo de material | Libro |
| 942 ## - ELEMENTOS DE PUNTO DE ACCESO ADICIONAL (KOHA) | |
| Fuente del sistema de clasificación o colocación | Library of Congress Classification |
| Tipo de ítem Koha | Libro |
| Estado de retiro | Estado de pérdida | Fuente del sistema de clasificación o colocación | Estado dañado | No para préstamo | Código de colección | Localización permanente | Ubicación/localización actual | Ubicación en estantería | Fecha de adquisición | Clasificación | Código de barras | Fecha visto por última vez | Número de copia | Tipo de ítem Koha | Total de préstamos |
|---|---|---|---|---|---|---|---|---|---|---|---|---|---|---|---|
| Library of Congress Classification | En proceso | Colección General | Bib. Gregorio Torres Quintero | Bib. Gregorio Torres Quintero | Planta baja | 26/05/2022 | Q111 C5 no. 85 | 279814 | 31/12/2020 | Ej.4 | Libro | ||||
| Library of Congress Classification | En proceso | Colección General | Bib. Gregorio Torres Quintero | Bib. Gregorio Torres Quintero | Planta baja | Q111 C5 no. 85 | 5222 | 31/12/2020 | 1 | Libro | |||||
| Library of Congress Classification | En proceso | Colección General | Bib. Gregorio Torres Quintero | Bib. Gregorio Torres Quintero | Planta baja | 26/05/2022 | Q111 C5 no. 85 | 156906 | 31/12/2020 | Ej.3 | Libro | 1 | |||
| Library of Congress Classification | En proceso | Colección General | Bib. Gregorio Torres Quintero | Bib. Gregorio Torres Quintero | Planta baja | 26/05/2022 | Q111 C5 no. 85 | 133892 | 31/12/2020 | Ej.2 | Libro |
